00413nam a2200157Ia 450000500170000000800410001704000190005804100120007708200150008910000240010424500320012826000380016030000120019865000350021085000100024520230111114936.0131103s9999 xx 000 0 und d aLoreto College aEnglish a814.3bEME aEmerson,Ralph Waldo aEssayscRalph Waldo Emerson aNew YorkbCarlton Housec[19 - ?] a384 p.  aAmerican Essays - 19th Century aLCLIB